| 000 | 02888nam a22002893u 4500 | ||
|---|---|---|---|
| 001 | drd-1368181 | ||
| 003 | 0 | ||
| 005 | 20260325180826.0 | ||
| 007 | tu | ||
| 008 | 260325b |||||||| |||| 00| 0 ger d | ||
| 020 |
_a9780691121178 _9978-0-691-12117-8 |
||
| 040 |
_aRU-10907106 _bger _cRU-10907106 |
||
| 041 | _aeng | ||
| 100 | 1 |
_aYurchak, Alexei _4aut _eAuthor _968314 |
|
| 245 | 1 | 0 |
_aEverything Was Forever, Until It Was No More _bThe Last Soviet Generation _cAlexei Yurchak |
| 264 |
_aNew Jersey _bPrinceton University Press _c2005 |
||
| 300 | _a352 S. | ||
| 336 |
_aText _btxt _2rdacontent |
||
| 337 |
_aohne Hilfsmittel zu benutzen _bn _2rdamedia |
||
| 338 |
_aBand _bnc _2rdacarrier |
||
| 505 | _aAcknowledgments ix Chapter 1: Late Socialism An Eternal State 1 Chapter 2: Hegemony of Form Stalin's Uncanny Paradigm Shift 36 Chapter 3: Ideology Inside Out Ethics and Poetics 77 Chapter 4: Living "Vnye" Deterritorialized Milieus 126 Chapter 5: Imaginary West The Elsewhere of Late Socialism 158 Chapter 6: Tr ue Colors of Communism King Crimson, Deep Purple, Pink Floyd 207 Chapter 7: Dead Irony Necroaesthetics, "Stiob," and the Anekdot 238 Conclusion 282 Bibliography 299 Index 319 | ||
| 520 | _aSoviet socialism was based on paradoxes that were revealed by the peculiar experience of its collapse. To the people who lived in that system the collapse seemed both completely unexpected and completely unsurprising. At the moment of collapse it suddenly became obvious that Soviet life had always seemed simultaneously eternal and stagnating, vigorous and ailing, bleak and full of promise. Although these characteristics may appear mutually exclusive, in fact they were mutually constitutive. This book explores the paradoxes of Soviet life during the period of "late socialism" (1960s-1980s) through the eyes of the last Soviet generation. Focusing on the major transformation of the 1950s at the level of discourse, ideology, language, and ritual, Alexei Yurchak traces the emergence of multiple unanticipated meanings, communities, relations, ideals, and pursuits that this transformation subsequently enabled. His historical, anthropological, and linguistic analysis draws on rich ethnographic material from Late Socialism and the post-Soviet period.The model of Soviet socialism that emerges provides an alternative to binary accounts that describe that system as a dichotomy of official culture and unofficial culture, the state and the people, public self and private self, truth and lie--and ignore the crucial fact that, for many Soviet citizens, the fundamental values, ideals, and realities of socialism were genuinely important, although they routinely transgressed and reinterpreted the norms and rules of the socialist state. | ||
| 648 |
_a1950-1989 _968979 |
||
| 650 | _aGesellschaft | ||
| 651 | _aSowjetunion | ||
| 942 |
_cMG _2z |
||
| 999 |
_c73644 _d73644 |
||